(Record no. 38583)

MARC details
000 -LEADER
fixed length control field 00420nam a2200133Ia 4500
022 ## - INTERNATIONAL STANDARD SERIAL NUMBER
ISSN JQ 3081.A1 .N67/
050 ## - CALL MARK
Classification number NPSA South-South journal of political science.
260 ## - PUBLICATION, DISTRIBUTION, ETC. (IMPRINT)
Name of publisher 2020
260 ## - PUBLICATION, DISTRIBUTION, ETC. (IMPRINT)
Year of publication ix, 140 p. :ill. ; 27 cm.
300 ## - PHYSICAL DESCRIPTION
Number of Pages Political science--Nigeria--Periodicals. Nigeria--Politics and government--Periodicals.
650 ## - SUBJECT ADDED ENTRY--TOPICAL TERM
Topical Term SR

No items available.